[Event "WchT Blitz Pool A"]
[Site "London"]
[Date "2025.06.14"]
[Round "10.1"]
[White "Bjerre, Jonas Buhl"]
[Black "Moussard, Jules"]
[Result "1-0"]
[WhiteElo "2651"]
[BlackElo "2597"]
[PlyCount "95"]
[EventDate "2025.06.14"]
[EventType "team-tourn"]
[EventRounds "13"]
[EventCountry "ENG"]
[SourceTitle "CB25_2025"]
[SourceDate "2025.06.18"]
[SourceVersion "1"]
[SourceVersionDate "2025.06.18"]
[SourceQuality "1"]
[WhiteTeam "Allez-Y Initiative!"]
[BlackTeam "Knight Dance"]
[WhiteTeamCountry "DEN"]
[BlackTeamCountry "FRA"]

1. e4 c5 2. Nf3 g6 3. d4 cxd4 4. Nxd4 Nc6 5. c4 Bg7 6. Be3 Qb6 7. Nb5 Qa5+ 8. N5c3 Qb4 9. Qd2 d6 10. a3 Qb3 11. Be2 Nf6 12. a4 Ng4 13. Bxg4 Bxg4 14. 0-0 Qxc4 15. Na3 Qb4 16. Nab5 0-0 17. a5 Rfc8 18. Ra4 Qb3 19. Ra3 Qc4 20. Ra4 Qb3 21. Ra3 Qe6 22. f3 Ne5 23. b3 Bh5 24. Nd5 Qd7 25. Nxa7 Rxa7 26. Bxa7 Re8 27. Bd4 e6 28. Ne3 Qb5 29. g4 Nxf3+ 30. Rxf3 e5 31. Bb2 Bh6 32. gxh5 Qc5 33. Qf2 Rf8 34. Nd5 Qb5 35. hxg6 hxg6 36. Ra1 Kg7 37. Rf1 Qd7 38. Qg3 Qe6 39. Rf6 Qd7 40. Qf3 Bg5 41. Bc1 Bh4 42. Be3 Kg8 43. Qg2 Kg7 44. R6f3 Qe6 45. Qh3 Qxh3 46. Rxh3 Rh8 47. Rhf3 Rf8 48. Rc1 1-0

[Event "WchT Blitz Pool A"]
[Site "London"]
[Date "2025.06.14"]
[Round "13.1"]
[White "Sava, Robert Gabriel"]
[Black "Bjerre, Jonas Buhl"]
[Result "1-0"]
[WhiteElo "2121"]
[BlackElo "2651"]
[PlyCount "83"]
[EventDate "2025.06.14"]
[EventType "team-tourn"]
[EventRounds "13"]
[EventCountry "ENG"]
[SourceTitle "CB25_2025"]
[SourceDate "2025.06.18"]
[SourceVersion "1"]
[SourceVersionDate "2025.06.18"]
[SourceQuality "1"]
[WhiteTeam "xChess.AI"]
[BlackTeam "Allez-Y Initiative!"]
[WhiteTeamCountry "ROU"]
[BlackTeamCountry "DEN"]

1. d4 Nf6 2. c4 e6 3. Nf3 Bb4+ 4. Bd2 Qe7 5. e3 b6 6. Nc3 Bb7 7. Bd3 0-0 8. Qc2 c5 9. a3 Bxc3 10. Bxc3 Bxf3 11. gxf3 Kh8 12. 0-0-0 cxd4 13. Bxd4 Nc6 14. Bc3 d5 15. Kb1 dxc4 16. Bxc4 Rac8 17. Qe2 e5 18. Ka1 Rfd8 19. Rxd8+ Rxd8 20. Rd1 Rxd1+ 21. Qxd1 g6 22. f4 Ne4 23. Bxe5+ Nxe5 24. fxe5 Qxe5 25. Bxf7 Nxf2 26. Qd8+ Kg7 27. Qg8+ Kh6 28. Bxg6 Qe7 29. Bxh7 Qf6 30. Bc2 Kh5 31. Qh7+ Kg4 32. Qxa7 Kf3 33. Qc7 Ke2 34. Qc4+ Kd2 35. e4 Qf3 36. Bb1 Nd1 37. Qc2+ Ke1 38. e5 Qe3 39. Qe4 Kd2 40. Qxe3+ Nxe3 41. e6 Nd5 42. h4 1-0

[Event "WchT Rapid"]
[Site "London"]
[Date "2025.06.13"]
[Round "12.1"]
[White "Bjerre, Jonas Buhl"]
[Black "Ganerdene, Sugar"]
[Result "1-0"]
[WhiteElo "2546"]
[BlackElo "2433"]
[PlyCount "117"]
[EventDate "2025.06.11"]
[EventType "team-swiss"]
[EventRounds "12"]
[EventCountry "ENG"]
[SourceTitle "CB25_2025"]
[SourceDate "2025.06.18"]
[SourceVersion "1"]
[SourceVersionDate "2025.06.18"]
[SourceQuality "1"]
[WhiteTeam "Allez-Y Initiative!"]
[BlackTeam "Mongolia II"]
[WhiteTeamCountry "DEN"]
[BlackTeamCountry "MGL"]

1. e4 c5 2. Nf3 d6 3. Bc4 Nc6 4. 0-0 Nf6 5. Re1 e6 6. Bb5 Bd7 7. c3 a6 8. Bf1 e5 9. h3 Be7 10. d4 cxd4 11. cxd4 exd4 12. Nxd4 0-0 13. Nc3 Re8 14. Bf4 Bf8 15. Nxc6 Bxc6 16. Qd4 Qa5 17. b4 Qh5 18. a4 Qg6 19. Bd3 Nh5 20. Be3 f5 21. Nd5 fxe4 22. Bc4 Kh8 23. Nc7 d5 24. Bf1 Rad8 25. Nxe8 Qxe8 26. b5 axb5 27. axb5 Bxb5 28. Bxb5 Qxb5 29. Reb1 Qc6 30. Rb6 Qc7 31. Rc1 Qf7 32. Qe5 Nf6 33. Rc7 Qe8 34. Qxe8 Nxe8 35. Rcxb7 Kg8 36. Bd4 Nd6 37. Rb8 Rxb8 38. Rxb8 Kf7 39. Bc5 Be7 40. Kf1 h5 41. Ke2 Ke6 42. Bd4 Nf5 43. Rb6+ Kf7 44. Bb2 h4 45. Be5 Bd8 46. Ra6 Be7 47. f3 exf3+ 48. Kxf3 g6 49. Bf4 Bf6 50. Kg4 Bd4 51. Bg5 Bf2 52. Ra2 Bg3 53. Bf4 Be1 54. Ra7+ Ke6 55. Ra6+ Kf7 56. Kg5 Bc3 57. Rxg6 Ng7 58. Rd6 Ne6+ 59. Kf5 1-0

[Event "WchT Rapid"]
[Site "London"]
[Date "2025.06.12"]
[Round "6.1"]
[White "Sagalchik, Gennadij"]
[Black "Bjerre, Jonas Buhl"]
[Result "0-1"]
[WhiteElo "2434"]
[BlackElo "2546"]
[PlyCount "68"]
[EventDate "2025.06.11"]
[EventType "team-swiss"]
[EventRounds "12"]
[EventCountry "ENG"]
[SourceTitle "CB25_2025"]
[SourceDate "2025.06.18"]
[SourceVersion "1"]
[SourceVersionDate "2025.06.18"]
[SourceQuality "1"]
[WhiteTeam "Perfect"]
[BlackTeam "Allez-Y Initiative!"]
[WhiteTeamCountry "USA"]
[BlackTeamCountry "DEN"]

1. d4 Nf6 2. c4 e6 3. Nc3 Bb4 4. a3 Bxc3+ 5. bxc3 c5 6. f3 Nc6 7. e4 d6 8. Be3 b6 9. Bd3 Na5 10. Ne2 Ba6 11. Ng3 cxd4 12. cxd4 Rc8 13. Rc1 0-0 14. Qe2 Qe8 15. Bg5 Nd7 16. Be3 Nb8 17. 0-0 Nbc6 18. Rb1 Ne7 19. Rfc1 Qd7 20. Nh5 Kh8 21. f4 f5 22. d5 fxe4 23. Bxe4 Rxc4 24. Qg4 Nf5 25. dxe6 Qxe6 26. Rxc4 Nxc4 27. Bd4 Qxe4 28. Bxg7+ Kg8 29. Bc3+ Kf7 30. Re1 Nce3 31. Qg5 h6 32. Qf6+ Ke8 33. Qg6+ Kd8 34. Ng7 Kc8 0-1

[Event "Jermuk Avagyan Memorial"]
[Site "Jermuk"]
[Date "2025.05.31"]
[Round "3"]
[White "Bjerre, Jonas Buhl"]
[Black "Hovhannisyan, Robert"]
[Result "1/2-1/2"]
[WhiteElo "2641"]
[BlackElo "2635"]
[PlyCount "53"]
[EventDate "2025.05.29"]
[EventType "tourn"]
[EventRounds "9"]
[EventCountry "ARM"]
[EventCategory "17"]
[SourceTitle "CB24_2025"]
[SourceDate "2025.06.11"]
[SourceVersion "1"]
[SourceVersionDate "2025.06.11"]
[SourceQuality "1"]

1. e4 e5 2. Nf3 Nc6 3. Bb5 Nf6 4. d3 Bc5 5. c3 0-0 6. 0-0 d5 7. exd5 Qxd5 8. Bc4 Qd8 9. b4 Bd6 10. Re1 h6 11. Nbd2 a6 12. a3 Re8 13. Bb2 Bf5 14. Ne4 Nxe4 15. dxe4 Be6 16. Bxe6 Rxe6 17. Qe2 a5 18. Red1 Qe8 19. Rac1 axb4 20. cxb4 Nd4 21. Qe3 Nxf3+ 22. Qxf3 c6 23. Qe3 Bc7 24. g3 Rd6 25. Rxd6 Bxd6 26. Rd1 Bc7 27. Kg2 1/2-1/2

[Event "Capablanca Memorial Elite 58th"]
[Site "Havana"]
[Date "2025.05.11"]
[Round "2"]
[White "Bjerre, Jonas Buhl"]
[Black "Murzin, Volodar"]
[Result "1/2-1/2"]
[WhiteElo "2641"]
[BlackElo "2658"]
[PlyCount "76"]
[EventDate "2025.05.10"]
[EventType "tourn"]
[EventRounds "10"]
[EventCountry "CUB"]
[EventCategory "15"]
[SourceTitle "CB21_2025"]
[SourceDate "2025.05.21"]
[SourceVersion "1"]
[SourceVersionDate "2025.05.21"]
[SourceQuality "1"]

1. e4 e5 2. Nf3 Nc6 3. Bb5 Nf6 4. d3 Ne7 5. 0-0 c6 6. Ba4 Ng6 7. Re1 Bb4 8. c3 Ba5 9. d4 d6 10. h3 0-0 11. Bc2 Re8 12. Nbd2 Bc7 13. Nf1 d5 14. exd5 exd4 15. Bg5 Rxe1 16. Qxe1 dxc3 17. Qxc3 cxd5 18. Bxf6 gxf6 19. Qd3 Be6 20. h4 f5 21. h5 Nf4 22. Qd2 d4 23. Rd1 d3 24. Bb3 Qf6 25. g3 Ne2+ 26. Kg2 Bxb3 27. axb3 Rd8 28. Qb4 f4 29. Qc4 Qd6 30. g4 Bb6 31. N1d2 Qc6 32. Qxc6 bxc6 33. Nc4 f6 34. Ne1 f3+ 35. Kxf3 Nd4+ 36. Kg2 Ne6 37. Kf3 Ng5+ 38. Kg2 Ne6 1/2-1/2

[Event "Capablanca Memorial Elite 58th"]
[Site "Havana"]
[Date "2025.05.10"]
[Round "1"]
[White "Albornoz Cabrera, Carlos Daniel"]
[Black "Bjerre, Jonas Buhl"]
[Result "1/2-1/2"]
[WhiteElo "2548"]
[BlackElo "2641"]
[PlyCount "49"]
[EventDate "2025.05.10"]
[EventType "tourn"]
[EventRounds "10"]
[EventCountry "CUB"]
[EventCategory "15"]
[SourceTitle "CB21_2025"]
[SourceDate "2025.05.21"]
[SourceVersion "1"]
[SourceVersionDate "2025.05.21"]
[SourceQuality "1"]

1. e4 e5 2. Nf3 Nc6 3. Bb5 a6 4. Ba4 Nf6 5. 0-0 Bc5 6. c3 b5 7. Bb3 d6 8. d4 Ba7 9. Be3 0-0 10. Nbd2 h6 11. h3 Bb7 12. a4 exd4 13. cxd4 Nb4 14. axb5 axb5 15. Qe2 Qd7 16. d5 Bxe3 17. Qxe3 Rxa1 18. Rxa1 c5 19. dxc6 Qxc6 20. Nd4 Qc5 21. f3 Nh5 22. Qc3 Rd8 23. Nf1 Na6 24. Qxc5 Nxc5 25. Ra7 1/2-1/2

[Event "Bundesliga 2425"]
[Site "Germany"]
[Date "2025.04.25"]
[Round "13.2"]
[White "Bjerre, Jonas Buhl"]
[Black "Aditya, Mittal"]
[Result "1-0"]
[WhiteElo "2648"]
[BlackElo "2550"]
[PlyCount "105"]
[EventDate "2024.09.28"]
[EventType "team-tourn"]
[EventRounds "15"]
[EventCountry "GER"]
[SourceTitle "CB18_2025"]
[SourceDate "2025.04.30"]
[SourceVersion "1"]
[SourceVersionDate "2025.04.30"]
[SourceQuality "1"]
[WhiteTeam "St Pauli"]
[BlackTeam "Werder Bremen"]
[WhiteTeamCountry "GER"]
[BlackTeamCountry "GER"]

1. e4 e5 2. Nf3 Nc6 3. Bb5 a6 4. Ba4 Nf6 5. d3 d6 6. c3 g6 7. 0-0 Bg7 8. h3 0-0 9. Be3 d5 10. Nbd2 b5 11. Bc2 a5 12. a4 b4 13. Re1 Re8 14. Bg5 d4 15. cxd4 Nxd4 16. Nxd4 Qxd4 17. Be3 Qd6 18. Nc4 Qe7 19. Bb3 Be6 20. Rc1 Red8 21. Qc2 Ne8 22. Nd2 Qd7 23. Bxe6 Qxe6 24. Nb3 Bf8 25. d4 Qd7 26. dxe5 Qxa4 27. Ra1 Qb5 28. Nd4 Qc5 29. Qxc5 Bxc5 30. Nc6 Bxe3 31. Rxe3 Rd2 32. b3 Ng7 33. Nxb4 Ne6 34. Nd5 Nd4 35. Ra4 Rb8 36. Rxa5 Nxb3 37. Nf6+ Kg7 38. Rd5 Nd4 39. Kh2 Rbb2 40. Rg3 Ne2 41. Ra3 Nf4 42. Ne8+ Kf8 43. Rxd2 Rxd2 44. Ra8 h5 45. Kg3 g5 46. h4 Ne2+ 47. Kf3 gxh4 48. Ke3 Rc2 49. Nd6+ Ke7 50. Nf5+ Kd7 51. Rf8 Ng1 52. Rxf7+ Ke8 53. e6 1-0

[Event "Titled Tuesday intern op 01st Apr Early"]
[Site "Chess.com INT"]
[Date "2025.04.01"]
[Round "6"]
[White "Agibileg, Uurtsaikh"]
[Black "Bjerre, Jonas Buhl"]
[Result "0-1"]
[WhiteElo "2366"]
[BlackElo "2637"]
[PlyCount "78"]
[EventDate "2025.04.01"]
[EventType "swiss (blitz)"]
[EventRounds "11"]
[EventCountry "USA"]
[SourceTitle "CB15_2025"]
[SourceDate "2025.04.09"]
[SourceVersion "1"]
[SourceVersionDate "2025.04.09"]
[SourceQuality "1"]

1. d4 Nf6 2. c4 e6 3. Nc3 Bb4 4. a3 Bxc3+ 5. bxc3 Nc6 6. f3 b6 7. e4 Ba6 8. Bd3 Na5 9. Qe2 d6 10. f4 Nd7 11. Nf3 c5 12. 0-0 cxd4 13. cxd4 Rc8 14. Nd2 0-0 15. Bb2 e5 16. Rac1 Qe7 17. Kh1 f6 18. Nf3 Nb3 19. Rc2 Nxd4 20. Bxd4 exd4 21. Nxd4 Nc5 22. Nf5 Qd7 23. Rc3 Rfe8 24. Qg4 Kh8 25. Qh4 Nxe4 26. Bxe4 Rxe4 27. Qh3 g6 28. Ne3 Qxh3 29. gxh3 Bxc4 30. Kg1 b5 31. Rd1 Rxf4 32. Rxd6 Re8 33. Ng4 Re6 34. Rd8+ Kg7 35. Rd7+ Kg8 36. Rc1 h5 37. Nh6+ Kf8 38. Rcd1 Re7 39. Rd8+ Kg7 0-1

[Event "Titled Tuesday intern op 01st Apr Late"]
[Site "Chess.com INT"]
[Date "2025.04.01"]
[Round "1"]
[White "Bjerre, Jonas Buhl"]
[Black "Di Nicolantonio, Lucas"]
[Result "1-0"]
[WhiteElo "2636"]
[BlackElo "2414"]
[PlyCount "75"]
[EventDate "2025.04.01"]
[EventType "swiss (blitz)"]
[EventRounds "11"]
[EventCountry "USA"]
[SourceTitle "CB21_2025"]
[SourceDate "2025.05.21"]
[SourceVersion "1"]
[SourceVersionDate "2025.05.21"]
[SourceQuality "1"]

1. Nf3 e6 2. c4 d5 3. g3 Nf6 4. Bg2 Be7 5. 0-0 0-0 6. d4 c6 7. Nc3 a5 8. b3 b6 9. Qc2 Ba6 10. Ne5 Nfd7 11. Rd1 Nxe5 12. dxe5 Nd7 13. Bf4 g5 14. Be3 Nxe5 15. cxd5 cxd5 16. Qb2 Bf6 17. Bd4 Nc6 18. Bxf6 Qxf6 19. Qd2 Rac8 20. Na4 Nb4 21. Rac1 b5 22. Nc5 Qe7 23. Nxa6 Nxa6 24. Qxa5 Qb7 25. e3 h6 26. Bf1 d4 27. exd4 Nc7 28. Rc5 b4 29. Bg2 Nd5 30. Bxd5 Rxc5 31. dxc5 exd5 32. Rd4 Re8 33. Qxb4 Qc6 34. Qc3 f6 35. b4 Qe6 36. Kg2 Qf5 37. Qf3 Qg6 38. Qxd5+ 1-0

[Event "Titled Tuesday intern op 01st Apr Late"]
[Site "Chess.com INT"]
[Date "2025.04.01"]
[Round "3"]
[White "Bjerre, Jonas Buhl"]
[Black "Mekhitarian, Krikor Sevag"]
[Result "1-0"]
[WhiteElo "2636"]
[BlackElo "2564"]
[PlyCount "73"]
[EventDate "2025.04.01"]
[EventType "swiss (blitz)"]
[EventRounds "11"]
[EventCountry "USA"]
[SourceTitle "CB15_2025"]
[SourceDate "2025.04.09"]
[SourceVersion "1"]
[SourceVersionDate "2025.04.09"]
[SourceQuality "1"]

1. e4 c5 2. Nc3 Nc6 3. Nge2 Nf6 4. d4 cxd4 5. Nxd4 e5 6. Ndb5 d6 7. Bg5 a6 8. Na3 b5 9. Nd5 Be7 10. Bxf6 Bxf6 11. c3 0-0 12. Nc2 g6 13. a4 bxa4 14. Rxa4 Bg7 15. Bc4 a5 16. h4 h5 17. Nce3 Ne7 18. g3 Rb8 19. b3 Nxd5 20. Bxd5 Bd7 21. Ra2 Qc7 22. Nc4 Bb5 23. 0-0 a4 24. Rxa4 Bxa4 25. bxa4 Rfd8 26. a5 Qc5 27. a6 Rd7 28. Qd3 Bf6 29. Ra1 Kg7 30. Na5 Rb2 31. Qf3 Rc7 32. Nb7 Qa7 33. Nxd6 Rxc3 34. Ne8+ Kf8 35. Qxf6 Rxg3+ 36. Kf1 Kxe8 37. Qxe5+ 1-0

[Event "Titled Tuesday intern op 01st Apr Late"]
[Site "Chess.com INT"]
[Date "2025.04.01"]
[Round "5"]
[White "Nakamura, Hikaru"]
[Black "Bjerre, Jonas Buhl"]
[Result "1-0"]
[WhiteElo "2804"]
[BlackElo "2636"]
[PlyCount "51"]
[EventDate "2025.04.01"]
[EventType "swiss (blitz)"]
[EventRounds "11"]
[EventCountry "USA"]
[SourceTitle "CB15_2025"]
[SourceDate "2025.04.09"]
[SourceVersion "1"]
[SourceVersionDate "2025.04.09"]
[SourceQuality "1"]

1. b3 c5 2. Bb2 Nf6 3. Nf3 g6 4. g3 Bg7 5. Bg2 0-0 6. 0-0 Nc6 7. d4 Ne4 8. e3 d5 9. Ne5 cxd4 10. Nxc6 bxc6 11. Bxd4 e5 12. Bb2 Ba6 13. c4 f5 14. Qc2 d4 15. exd4 exd4 16. Nd2 d3 17. Qc1 Bh6 18. Bxe4 fxe4 19. Qc3 Kf7 20. Nxe4 Re8 21. Nc5 Bc8 22. Nxd3 Bh3 23. Rfe1 Qd6 24. Ne5+ Kg8 25. Rad1 Qe6 26. Nf3 1-0

[Event "Titled Tuesday intern op 01st Apr Late"]
[Site "Chess.com INT"]
[Date "2025.04.01"]
[Round "6"]
[White "Rustamov, Rustam"]
[Black "Bjerre, Jonas Buhl"]
[Result "1/2-1/2"]
[WhiteElo "2301"]
[BlackElo "2636"]
[PlyCount "213"]
[EventDate "2025.04.01"]
[EventType "swiss (blitz)"]
[EventRounds "11"]
[EventCountry "USA"]
[SourceTitle "CB21_2025"]
[SourceDate "2025.05.21"]
[SourceVersion "1"]
[SourceVersionDate "2025.05.21"]
[SourceQuality "1"]

1. e4 c5 2. Nf3 d6 3. d4 cxd4 4. Nxd4 Nf6 5. Nc3 a6 6. a3 e5 7. Nf5 g6 8. Ne3 Bh6 9. Ned5 Bxc1 10. Nxf6+ Qxf6 11. Rxc1 0-0 12. Be2 Nc6 13. 0-0 Be6 14. Nd5 Bxd5 15. Qxd5 Nd4 16. Bd3 Qe7 17. c3 Ne6 18. g3 h5 19. Rcd1 h4 20. Bc4 Rad8 21. f4 hxg3 22. hxg3 exf4 23. gxf4 Qh4 24. Qd2 Qg3+ 25. Qg2 Qe3+ 26. Qf2 Qxf2+ 27. Rxf2 Nc5 28. Bd5 b5 29. f5 Kg7 30. b4 Nd7 31. c4 Ne5 32. c5 dxc5 33. bxc5 Rc8 34. Rc2 gxf5 35. exf5 Rc7 36. Rdd2 Rfc8 37. f6+ Kxf6 38. Rf2+ Ke7 39. c6 Kd6 40. Rcd2 Kc5 41. Rf5 Re7 42. Bg2 f6 43. Rxf6 Nc4 44. Rd5+ Kb6 45. Rd7 Re1+ 46. Kf2 Rc1 47. Rb7+ Ka5 48. c7 Ne5 49. Re6 Nd3+ 50. Kg3 Rc2 51. Ra7 Nc5 52. Rc6 Rg8+ 53. Kf4 Rcxg2 54. c8Q Rxc8 55. Rxc8 Kb6 56. Raa8 Rc2 57. Rab8+ Ka5 58. Kf3 Rc4 59. Rc6 Ka4 60. Rbc8 Nd3 61. Rxa6+ Kb3 62. Rxc4 bxc4 63. Ke3 Ne5 64. a4 c3 65. Rb6+ Kxa4 66. Rb8 Nc4+ 67. Kd3 Na5 68. Kxc3 Nc6 69. Rb1 Ka5 70. Kc4 Ka6 71. Kc5 Ne5 72. Rb3 Nd7+ 73. Kd6 Nb6 74. Kc6 Nc4 75. Kc5 Ne5 76. Re3 Nd7+ 77. Kd6 Nb6 78. Kc6 Nc4 79. Re4 Na5+ 80. Kc7 Kb5 81. Re5+ Kb4 82. Rh5 Nc4 83. Kc6 Kc3 84. Kc5 Ne3 85. Rh3 Kd3 86. Rh4 Kc3 87. Rd4 Nf5 88. Rd8 Ne3 89. Rd7 Nf5 90. Kd5 Ne3+ 91. Ke4 Nc4 92. Rc7 Kb4 93. Kd4 Nd6 94. Kd5 Nb5 95. Rb7 Ka4 96. Kc5 Na3 97. Rb4+ Ka5 98. Rb8 Ka4 99. Rb4+ Ka5 100. Rh4 Nc2 101. Rh1 Ka4 102. Kc4 Na3+ 103. Kc5 Nc2 104. Rb1 Na3 105. Rb2 Ka5 106. Rb3 Ka4 107. Rb4+ 1/2-1/2

[Event "DEN-chT 2425 62nd"]
[Site "Denmark"]
[Date "2025.03.29"]
[Round "8.1"]
[White "Hector, Jonny"]
[Black "Bjerre, Jonas Buhl"]
[Result "0-1"]
[WhiteElo "2431"]
[BlackElo "2637"]
[PlyCount "104"]
[EventDate "2024.11.02"]
[EventType "team-tourn"]
[EventRounds "9"]
[EventCountry "DEN"]
[SourceTitle "CB16_2025"]
[SourceDate "2025.04.16"]
[SourceVersion "1"]
[SourceVersionDate "2025.04.16"]
[SourceQuality "1"]
[WhiteTeam "Nordkalotten"]
[BlackTeam "Skanderborg Nordea"]
[WhiteTeamCountry "DEN"]
[BlackTeamCountry "DEN"]

1. e4 c5 2. Nf3 d6 3. d4 cxd4 4. Nxd4 Nf6 5. Nc3 a6 6. Bg5 Nbd7 7. Qe2 g6 8. f4 Bg7 9. 0-0-0 0-0 10. g3 h6 11. Bh4 Qc7 12. Qc4 Qxc4 13. Bxc4 e6 14. a4 Nc5 15. Rhe1 Nfxe4 16. Nxe4 Nxe4 17. Bxe6 Nf2 18. Bxc8 Nxd1 19. Bxb7 Ra7 20. Rxd1 Rxb7 21. Nb3 Rc8 22. Kb1 Rbc7 23. Rd2 Rc4 24. Be7 d5 25. c3 Rb8 26. Kc2 Rxa4 27. Bb4 d4 28. Nxd4 Ra1 29. Nc6 Rb6 30. Ne7+ Kh7 31. Rd7 Rh1 32. Nd5 Rxh2+ 33. Kd3 Rb8 34. f5 gxf5 35. Rxf7 Rg2 36. Rxf5 Rxg3+ 37. Ke4 Re8+ 38. Kf4 Rg1 39. Ne3 h5 40. Rxh5+ Kg6 41. Rh3 Bh6+ 42. Rxh6+ Kxh6 43. Kf3 Kg5 44. Bc5 Rh1 45. b4 Rh3+ 46. Kf2 Kf4 47. Nd5+ Ke5 48. Nc7 Rg8 49. Bd4+ Ke4 50. Nxa6 Rh2+ 51. Kf1 Kf3 52. Ke1 Rgg2 0-1

[Event "EU-ch 25th"]
[Site "Eforie Nord"]
[Date "2025.03.25"]
[Round "10"]
[White "Bjerre, Jonas Buhl"]
[Black "Talibov, Shiroghlan"]
[Result "1/2-1/2"]
[WhiteElo "2637"]
[BlackElo "2428"]
[PlyCount "104"]
[EventDate "2025.03.15"]
[EventType "swiss"]
[EventRounds "11"]
[EventCountry "ROU"]
[SourceTitle "CB13_2025"]
[SourceDate "2025.03.26"]
[SourceVersion "1"]
[SourceVersionDate "2025.03.26"]
[SourceQuality "1"]

1. e4 c5 2. Nc3 a6 3. d4 cxd4 4. Qxd4 e6 5. Bf4 Nc6 6. Qe3 Bb4 7. 0-0-0 Qa5 8. Nge2 Nf6 9. h3 Bc5 10. Qf3 Be7 11. g4 Ne5 12. Qg3 d6 13. Nd4 Nfd7 14. Be3 g5 15. h4 gxh4 16. Qg2 Rg8 17. g5 h6 18. f4 Nc6 19. Nb3 Qc7 20. Rxh4 hxg5 21. Be2 b6 22. e5 Bb7 23. exd6 Bxd6 24. Ne4 Be7 25. fxg5 Nb4 26. Bf3 Nd5 27. Bg1 Ne5 28. Qe2 0-0-0 29. Bh2 Rh8 30. Rxh8 Rxh8 31. Bg3 Rh3 32. Bg2 Rxg3 33. Nxg3 Nc4 34. g6 Qf4+ 35. Kb1 Na3+ 36. Ka1 Qxg3 37. gxf7 Qe3 38. Rd2 Qxe2 39. Rxe2 Nc4 40. Rxe6 Kd7 41. Rh6 Bf8 42. Rh8 Ke7 43. Nd4 Nce3 44. Bf3 Bc8 45. Rh5 Kd6 46. Nc6 Nf4 47. Rh8 Ng6 48. Rg8 Nxc2+ 49. Kb1 Bf5 50. Bh5 Bh6 51. Rxg6+ Bxg6 52. Bxg6 Na3+ 1/2-1/2

[Event "EU-ch 25th"]
[Site "Eforie Nord"]
[Date "2025.03.24"]
[Round "9"]
[White "Samadov, Read"]
[Black "Bjerre, Jonas Buhl"]
[Result "1-0"]
[WhiteElo "2502"]
[BlackElo "2637"]
[PlyCount "69"]
[EventDate "2025.03.15"]
[EventType "swiss"]
[EventRounds "11"]
[EventCountry "ROU"]
[SourceTitle "CB13_2025"]
[SourceDate "2025.03.26"]
[SourceVersion "1"]
[SourceVersionDate "2025.03.26"]
[SourceQuality "1"]

1. d4 Nf6 2. c4 e6 3. Nf3 b6 4. g3 Bb7 5. Bg2 Bb4+ 6. Bd2 Bxd2+ 7. Qxd2 0-0 8. 0-0 d6 9. Nc3 Ne4 10. Nxe4 Bxe4 11. Qe3 Bb7 12. Qd3 f5 13. c5 Nd7 14. cxd6 cxd6 15. Rac1 Nf6 16. Nd2 Bxg2 17. Kxg2 Qd7 18. Rc2 Nd5 19. a3 g5 20. e4 fxe4 21. Qxe4 Rf6 22. Nc4 Raf8 23. Ne3 Qf7 24. Kg1 h5 25. Nxd5 exd5 26. Qe3 Qg6 27. Rfc1 Rf3 28. Qe7 h4 29. Re2 h3 30. Re6 Qh5 31. Rf1 R3f7 32. Qxd6 Rxf2 33. Rg6+ Kh7 34. Rh6+ Kg7 35. Qxf8+ 1-0

[Event "EU-ch 25th"]
[Site "Eforie Nord"]
[Date "2025.03.19"]
[Round "5"]
[White "Zanan, Evgeny"]
[Black "Bjerre, Jonas Buhl"]
[Result "0-1"]
[WhiteElo "2443"]
[BlackElo "2637"]
[PlyCount "82"]
[EventDate "2025.03.15"]
[EventType "swiss"]
[EventRounds "11"]
[EventCountry "ROU"]
[SourceTitle "CB13_2025"]
[SourceDate "2025.03.26"]
[SourceVersion "1"]
[SourceVersionDate "2025.03.26"]
[SourceQuality "1"]

1. d4 Nf6 2. c4 e6 3. g3 Bb4+ 4. Nd2 a5 5. Bg2 d6 6. a3 Bxd2+ 7. Bxd2 e5 8. dxe5 dxe5 9. Bc3 Qe7 10. Nf3 Nc6 11. Qc2 a4 12. 0-0 0-0 13. e3 Bg4 14. Ng5 h6 15. Ne4 Nd7 16. b4 axb3 17. Qxb3 Rfb8 18. Bb4 Qe6 19. Rac1 Bh3 20. Rfd1 Bxg2 21. Kxg2 f5 22. Nc3 Nxb4 23. axb4 c6 24. Rd6 Qf7 25. Qd1 Nf6 26. e4 fxe4 27. Qe2 Rf8 28. Rd2 e3 29. Qxe3 Qxc4 30. Qxe5 Qxb4 31. Rb1 Qg4 32. Rxb7 Nh5 33. Qe4 Nf4+ 34. Kg1 Ra1+ 35. Rb1 Rxb1+ 36. Qxb1 Nh3+ 37. Kg2 Ng5 38. Qb3+ Kh8 39. Rd3 Qh3+ 40. Kg1 Qf5 41. Qc2 Nh3+ 0-1

[Event "Titled Tuesday intern op 11th Mar Early"]
[Site "Chess.com INT"]
[Date "2025.03.11"]
[Round "3"]
[White "Bjerre, Jonas Buhl"]
[Black "Budrewicz, Krzysztof"]
[Result "1-0"]
[WhiteElo "2637"]
[BlackElo "2185"]
[PlyCount "99"]
[EventDate "2025.03.11"]
[EventType "swiss (blitz)"]
[EventRounds "11"]
[EventCountry "USA"]
[SourceTitle "CB12_2025"]
[SourceDate "2025.03.19"]
[SourceVersion "1"]
[SourceVersionDate "2025.03.19"]
[SourceQuality "1"]

1. c4 Nf6 2. Nf3 g6 3. Nc3 Bg7 4. e4 0-0 5. Be2 d6 6. d4 Nbd7 7. 0-0 e5 8. Re1 Re8 9. d5 Nc5 10. Nd2 a5 11. b3 Nfd7 12. a3 f5 13. Rb1 Nf6 14. b4 axb4 15. axb4 Ncxe4 16. Ndxe4 fxe4 17. Be3 Bf5 18. c5 h5 19. h3 Kh7 20. Qd2 Qc8 21. cxd6 cxd6 22. Nb5 Qd7 23. Rec1 Rec8 24. Rxc8 Rxc8 25. Na7 Rd8 26. b5 Qf7 27. Rd1 h4 28. b6 Nh5 29. Bxh5 gxh5 30. Bg5 Bf6 31. Rc1 Kh8 32. Rc7 Rd7 33. Nb5 Qg6 34. Bxf6+ Qxf6 35. Qb4 Rd8 36. Rxb7 Qg6 37. Kf1 Rg8 38. Qxd6 Qxg2+ 39. Ke1 Qg1+ 40. Ke2 Bg4+ 41. hxg4 Qxg4+ 42. Kd2 Qf4+ 43. Kc3 Qc1+ 44. Kb4 Qd2+ 45. Nc3 Qd4+ 46. Kb5 Qd3+ 47. Kb4 Qd4+ 48. Kb3 Qd2 49. Qf6+ Rg7 50. Qxg7# 1-0

[Event "Titled Tuesday intern op 11th Mar Early"]
[Site "Chess.com INT"]
[Date "2025.03.11"]
[Round "10"]
[White "Bjerre, Jonas Buhl"]
[Black "Nakamura, Hikaru"]
[Result "0-1"]
[WhiteElo "2637"]
[BlackElo "2802"]
[PlyCount "50"]
[EventDate "2025.03.11"]
[EventType "swiss (blitz)"]
[EventRounds "11"]
[EventCountry "USA"]
[SourceTitle "CB12_2025"]
[SourceDate "2025.03.19"]
[SourceVersion "1"]
[SourceVersionDate "2025.03.19"]
[SourceQuality "1"]

1. e4 c5 2. Nf3 Nc6 3. Nc3 Nf6 4. d4 cxd4 5. Nxd4 d6 6. Bg5 g6 7. Bxf6 exf6 8. Bb5 Bd7 9. 0-0 Bg7 10. Nb3 Be6 11. Nd5 0-0 12. c3 a6 13. Be2 Re8 14. Re1 h5 15. Nf4 Qc7 16. Nxe6 fxe6 17. f4 Rad8 18. f5 d5 19. fxg6 dxe4 20. Qc2 f5 21. Bxh5 Nb4 22. Qf2 Nd3 23. Qh4 Qb6+ 24. Kf1 Bf6 25. Qg3 f4 0-1